| 000 | 00892cam a2200301 i 4500 | ||
|---|---|---|---|
| 001 | 0000470 | ||
| 003 | DO-SdBNP | ||
| 005 | 20240911132942.0 | ||
| 007 | 0000470 | ||
| 008 | 100514s 2007 mx a | |||| 000 f spa | ||
| 015 | _a | ||
| 017 |
_a _b |
||
| 020 | _a9789707707382 | ||
| 035 | _a | ||
| 040 |
_aBPMSU _bspa _cBPMSU _e |
||
| 080 | _a | ||
| 082 | 4 |
_bK19c 2007 _222 _a248.4 |
|
| 100 | 1 | _aMurakami, Kazuo | |
| 245 | 1 | 3 |
_aEl código divino de la vida : _bactiva tus genes y descubre tus talentos ocultos / _cKazuo Murakami ; traducción Rubén Heredia Vásquez |
| 260 |
_aMéxico: _bSantillana Ediciones Generales, _c2007. |
||
| 300 |
_a212 p. ; _c19 cm |
||
| 590 | _aInventariado, 2024/VM | ||
| 650 | 4 | _aTeología moderna | |
| 650 | 4 | _aMetafísica | |
| 700 | 1 |
_aHeredia Vásquez, Rubén _etraductor |
|
| 910 | _aVMateo V. Control de calidad. BPMSU | ||
| 942 |
_2ddc _cBK |
||
| 999 |
_c10663 _d10663 |
||